[Event "3rd Arco Christmas"]
[Site "Arco ITA"]
[Date "2012.12.29"]
[Round "5.3"]
[White "Spornberger,Andre"]
[Black "Micheli,C"]
[Result "0-1"]
[WhiteElo "2058"]
[BlackElo "2284"]

1.e4 d6 2.d4 Nf6 3.Nc3 c6 4.a4 a5 5.Nf3 Bg4 6.Be2 e6 7.h3 Bh5 8.O-O Na6 9.Be3 Nb4
10.Rc1 Be7 11.e5 Nd7 12.exd6 Bxd6 13.Ne4 Bb8 14.Nfd2 Bg6 15.Bg5 Nf6 16.Bh4 Nbd5
17.Bd3 Qc7 18.Bg3 Nf4 19.Nxf6+ gxf6 20.Bxg6 hxg6 21.Qf3 f5 22.Bxf4 Qxf4 23.Qxf4 Bxf4
24.Rcd1 g5 25.Nc4 Bc7 26.Rfe1 O-O-O 27.Ne5 Rh7 28.c3 c5 29.Nf3 g4 30.hxg4 fxg4
31.Ng5 Rg7 32.Ne4 cxd4 33.Rxd4 Rxd4 34.cxd4 Rg8 35.Rc1 Rd8 36.Rc4 Kb8 37.Kf1 Bb6
38.Nc5 Rd5 39.b4 axb4 40.Rxb4 Kc7 41.Nb3 f5 42.Ke2 e5 43.dxe5 Rxe5+ 44.Kf1 Kc6
45.g3 Re4 46.Rb5 f4 47.Rg5 fxg3 48.Rg6+ Kc7 49.Rg7+ Kb8 50.fxg3 Rxa4 51.Ke2 Ra3
52.Nd2 Rxg3 53.Nc4 Bc5 54.Rg5 b6 55.Rg7 b5 56.Na5 b4 57.Rg5 Bd6 58.Nc4 Be7
59.Re5 Rc3 60.Ne3 Bc5 61.Nxg4 b3 62.Kd2 Rc2+ 63.Kd1 Rc4 64.Ne3 b2 65.Nxc4 b1=Q+
66.Ke2 Qa2+ 67.Nd2 Bd6 68.Re4 Qc2 69.Rc4 Qf5 70.Ne4 Bc7 71.Nf2 Qb5 72.Kd3 Be5  0-1

[Event "Groningen Open A"]
[Site "Groningen NED"]
[Date "2012.12.29"]
[Round "8.11"]
[White "Brunello,S"]
[Black "Berkovich,M"]
[Result "1-0"]
[WhiteElo "2583"]
[BlackElo "2359"]

1.e4 d6 2.d4 Nf6 3.Nc3 e5 4.Nf3 Nbd7 5.Bc4 Be7 6.O-O O-O 7.Re1 c6 8.a4 exd4
9.Nxd4 d5 10.exd5 Nb6 11.Be2 Nbxd5 12.Nxd5 Nxd5 13.a5 a6 14.Bf3 Bc5 15.Nb3 Ba7
16.Bxd5 Qxd5 17.Qxd5 cxd5 18.Be3 Bxe3 19.Rxe3 Be6 20.Nd4 Rac8 21.f3 Rfd8
22.c3 Bd7 23.Kf2 Kf8 24.Ke2 Re8 25.Rxe8+ Kxe8 26.Kd2 Ke7 27.h4 Kd6 28.h5 h6
29.Rh1 Re8 30.Re1 Rxe1 31.Kxe1 Ke5 32.g3 Kf6 33.Ne2 Be8 34.Kf2 Kg5 35.Nf4 Ba4
36.b4 Bb3 37.Ke3 Bd1 38.Nxd5 Kxh5 39.c4 Kg5 40.b5 Kf5 41.c5  1-0

[Event "88th Hastings Masters"]
[Site "Hastings ENG"]
[Date "2012.12.29"]
[Round "2.34"]
[White "Rayner,F"]
[Black "Cekulis,Maris"]
[Result "1-0"]
[WhiteElo "2166"]
[BlackElo "1811"]

1.e4 d6 2.d4 Nf6 3.Nc3 c6 4.f4 Qa5 5.e5 Ne4 6.Qf3 d5 7.Bd3 f5 8.exf6 exf6
9.Qe2 Bb4 10.Bd2 Kf7 11.Nxe4 dxe4 12.Bc4+ Kf8 13.c3 Bd6 14.Qxe4 Bf5 15.Qf3 h5
16.h3 Nd7 17.Ne2 Qc7 18.g4 Bg6 19.O-O-O b5 20.Bxb5 Rc8 21.Bc4 Rd8 22.f5 Bf7
23.Bxf7 Kxf7 24.gxh5 Qa5 25.Kb1 Qb5 26.Nc1 Rb8 27.b3 Qd5 28.Qg4 Ba3 29.Rhg1 Rhg8
30.h6 gxh6 31.Qh5+  1-0

[Event "88th Hastings Masters"]
[Site "Hastings ENG"]
[Date "2012.12.29"]
[Round "2.39"]
[White "Pickersgill,A"]
[Black "Mitchell,Rob1"]
[Result "1-0"]
[WhiteElo "2029"]
[BlackElo "1690"]

1.e4 d6 2.d4 Nf6 3.Nc3 c6 4.a4 Qc7 5.h3 e6 6.Nf3 Be7 7.Be3 b6 8.Be2 Ba6 9.O-O Bxe2
10.Qxe2 d5 11.exd5 cxd5 12.Nb5 Qb7 13.Bf4 Na6 14.Nd6+ Bxd6 15.Bxd6 Kd7 16.Ba3 Nc7
17.Ne5+ Ke8 18.Qd2 Na6 19.c3 Rc8 20.Rae1 Nb8 21.f3 Nc6 22.Qg5 Rg8 23.Rf2 h6
24.Qh4 Nxe5 25.dxe5 Rc4 26.g4 Nh7 27.f4 Nf8 28.Bd6 Ng6 29.Qg3 Nh8 30.f5 g5
31.b3 Rc8 32.Qd3 a6 33.Ref1 Rg7 34.fxe6 fxe6 35.Rf6 Kd7 36.Rxe6 Rxc3 37.Qxc3 Kxe6
38.Rf6+ Kd7 39.Qf3 Kc6 40.Bf8+  1-0

[Event "22nd North American Open"]
[Site "Las Vegas USA"]
[Date "2012.12.29"]
[Round "7.18"]
[White "Nikhilesh,K"]
[Black "Young,An"]
[Result "1-0"]
[WhiteElo "2218"]
[BlackElo "2341"]

1.e4 d6 2.d4 Nf6 3.Nc3 c6 4.f3 Qc7 5.Be3 a6 6.g4 h6 7.a4 e6 8.d5 cxd5 9.exd5 Nxd5
10.Nxd5 exd5 11.Qxd5 Nc6 12.Qd2 Be6 13.Ne2 Rc8 14.Kf2 Be7 15.Ng3 Ne5 16.c3 Qc6
17.Be2 Bd5 18.Qd1 Bh4 19.Rf1 h5 20.g5 f5 21.Qd4 Bxg3+ 22.Kxg3 O-O 23.Rad1 Bb3
24.Rd2 h4+ 25.Kg2 Qxa4 26.Qxa4 Bxa4 27.Rxd6 Rce8 28.Bf4 Bc6 29.Kf2 Kh7 30.Rfd1 Ng6
31.R1d4 Re7 32.Bd3 Be4 33.fxe4 fxe4 34.Bxe4 Rxf4+ 35.Ke3 Rg4 36.Rxg6 Rexe4+
37.Rxe4 Rxe4+ 38.Kxe4 Kxg6 39.Kf4 h3 40.Kg4 b5 41.b4 Kf7 42.Kxh3 Ke6 43.Kg4 Kd5
44.Kf5 Kc4 45.h4 Kxc3 46.h5 Kxb4 47.h6 gxh6 48.gxh6  1-0

[Event "Piterenka Blitz 2012"]
[Site "Moscow RUS"]
[Date "2012.12.29"]
[Round "1"]
[White "Karjakin,Sergey"]
[Black "Nepomniachtchi,I"]
[Result "1-0"]
[WhiteElo "2775"]
[BlackElo "2707"]

1.e4 d6 2.d4 Nf6 3.Nc3 Nbd7 4.f4 e5 5.Nf3 exd4 6.Qxd4 c6 7.Be3 d5 8.e5 Ng4
9.Bg1 Bc5 10.Qd2 Bxg1 11.Rxg1 Qb6 12.Na4 Qe3+ 13.Qxe3 Nxe3 14.Bd3 Nb6 15.Nc5 Bg4
16.Nxb7 O-O 17.Kf2 Nec4 18.b3 Na3 19.Nd4 Bc8 20.Nc5 Nd7 21.b4 a5 22.Nxc6 axb4
23.Nxd7 Bxd7 24.Ne7+ Kh8 25.Nxd5 Rab8 26.Rgd1 Be6 27.Ne3 f6 28.exf6 gxf6
29.Be4 Rfd8 30.Bd5 Bxd5 31.Nxd5 Kg7 32.Ne3 Rbc8 33.Rac1 h5 34.Kf3 Kg6 35.Rxd8 Rxd8
36.c3 bxc3 37.Rxc3 Nb5 38.Rc4 Rd2 39.a4 Nd6 40.Rc6 Ne8 41.a5 Ra2 42.a6 Kf7
43.Nd5 Ra5 44.Ke4 Ra4+ 45.Kd3 Ra2 46.Nb4 Ra1 47.Rc2 Nd6 48.Ra2  1-0

[Event "29th Travemuender Schach-Open"]
[Site "Travemuende GER"]
[Date "2012.12.29"]
[Round "6.6"]
[White "Leisner,H"]
[Black "Schmidt,Ha"]
[Result "1-0"]
[WhiteElo "2197"]
[BlackElo "2365"]

1.e4 d6 2.d4 Nf6 3.Nc3 c6 4.f4 Qb6 5.Nf3 d5 6.e5 Ne4 7.Bd3 Bf5 8.O-O Na6
9.Ne2 e6 10.c3 Be7 11.b4 h5 12.a3 h4 13.Qc2 Qd8 14.Rb1 Nc7 15.c4 Rc8 16.c5 Kf8
17.Be3 Qe8 18.a4 a6 19.Nd2 Nxd2 20.Bxd2 g6 21.Nc3 Kg7 22.Rb3 Qd8 23.b5 cxb5
24.axb5 b6 25.c6 axb5 26.Bxf5 gxf5 27.Nxb5 Nxb5 28.Rxb5 Qc7 29.Rc1 h3 30.g4 fxg4
31.f5 Ba3 32.f6+ Kg8 33.Qd1 Rh4 34.Rc3 Bc5 35.dxc5 Qxe5 36.Qe1 Qd4+ 37.Qe3 bxc5
38.Qxd4 cxd4 39.Rc1 Kh7 40.c7 Kg6 41.Be1 Rhh8 42.Bg3 Kxf6 43.Rb4 d3 44.Rd4 Ke7
45.Rxd3 f6 46.Rd4 Rhg8 47.Kf2 Rg7 48.Rb4 e5 49.Rb6 d4 50.Rcc6 Kd7 51.Rd6+ Ke8
52.Rxf6 Rcxc7 53.Rbe6+ Rge7 54.Bxe5 Rc2+ 55.Ke1 d3 56.Bg3 Rg2 57.Rxe7+ Kxe7
58.Rf2 Rg1+ 59.Kd2  1-0

[Event "3rd Arco Christmas"]
[Site "Arco ITA"]
[Date "2012.12.30"]
[Round "7.3"]
[White "Raineri,V"]
[Black "Giancotti,E"]
[Result "1/2-1/2"]
[WhiteElo "2151"]
[BlackElo "2040"]

1.e4 d6 2.d4 Nf6 3.Nc3 c6 4.Be3 Qa5 5.f3 e5 6.Qd2 Nbd7 7.Nh3 Be7 8.Be2 O-O
9.O-O Qc7 10.f4 b5 11.a3 a6 12.Nf2 Bb7 13.Rae1 Rac8 14.Bf3 Rfd8 15.Ne2 Nb6
16.Qa5 Nc4 17.Qxc7 Rxc7 18.Bc1 Nd7 19.b3 Ncb6 20.Nd3 Bf6 21.Bb2 exd4 22.Bxd4 c5
23.Bxf6 Nxf6 24.Nf2 Re8 25.Rd1 d5 26.e5 Nfd7 27.Nc3 f6 28.Nxd5 Nxd5 29.Bxd5+ Bxd5
30.Rxd5 fxe5 31.Re1 Kf7 32.fxe5 Re6 33.Nh3 Ke7 34.Nf4 Rh6 35.Rd2 Nb6 36.Rd6 Rc6
37.Rd2 g5 38.Nh3 Rhg6 39.Nf2 Ke6 40.Ne4 Nd5 41.c4 bxc4 42.bxc4 Nb6 43.Nd6 Nd7
44.Nb7 Rb6 45.Rd6+ Ke7 46.Rxg6 Rxg6 47.Nd6 Nxe5 48.Nc8+ Ke6 49.Ne7 Kxe7 50.Rxe5+ Kd6
51.Rd5+ Kc6 52.Kf2 h6 53.Rd8 Re6 54.Kf3 Rf6+ 55.Ke3 Rf4 56.Kd3 Rh4 57.h3 g4
58.hxg4 Rxg4 59.Rh8 Rg3+ 60.Ke4 Rg4+ 61.Kd3  1/2-1/2

[Event "21st Donau Open 2012"]
[Site "Aschach AUT"]
[Date "2012.12.30"]
[Round "6"]
[White "Wallner,J"]
[Black "Kleibel,Uwe"]
[Result "1-0"]
[WhiteElo "2373"]
[BlackElo "2125"]

1.e4 d6 2.d4 Nf6 3.Nc3 e5 4.dxe5 dxe5 5.Qxd8+ Kxd8 6.Bg5 c6 7.f4 h6 8.Bxf6+ gxf6
9.O-O-O+ Nd7 10.f5 b5 11.Be2 Bc5 12.Bf3 Ke7 13.Nge2 a5 14.Kb1 Nb6 15.Nc1 b4
16.Nd3 Bd6 17.Ne2 Ba6 18.Ng3 Bxd3 19.Rxd3 Bc5 20.Rhd1 Rad8 21.Nh5 Rxd3 22.Rxd3 Na4
23.c3 bxc3 24.b3 Bd4 25.bxa4 Rb8+ 26.Kc1 Rb2 27.Ng3 Rxa2 28.Ne2 Rxa4 29.Nxc3 Rc4
30.Kd2 a4 31.Bd1 a3 32.Bb3 Bxc3+ 33.Rxc3 Rxe4 34.Rxc6 Rf4 35.Ke3 Rxf5 36.Ra6 Rh5
37.h3 Rg5 38.Kf2 Rf5+ 39.Kg3 Rg5+ 40.Kh2 e4 41.Rxa3 Kd6 42.Bxf7 Re5 43.Ra6+ Kc5
44.Ra5+ Kd4 45.Rxe5 Kxe5 46.g4 Kf4 47.Bg6 Kf3 48.Kg1 Kg3 49.Bf5 e3 50.Kf1 Kf3
51.Ke1 e2 52.Bd7 Ke3 53.Bb5 Kf3 54.Bxe2+ Kg3 55.Bf1 Kf4 56.Bd3  1-0

[Event "CXU Obro New Year 2012"]
[Site "Copenhagen DEN"]
[Date "2012.12.30"]
[Round "6.8"]
[White "Stojanovski,Sa"]
[Black "Thestrup,S"]
[Result "1-0"]
[WhiteElo "2226"]
[BlackElo "2072"]

1.d4 d6 2.e4 Nf6 3.Nc3 c6 4.a4 Qa5 5.Bd3 e5 6.Ne2 Be7 7.O-O O-O 8.Bd2 Qc7
9.Kh1 Bg4 10.f3 Bh5 11.Be3 Nbd7 12.a5 Rfe8 13.Qd2 d5 14.exd5 cxd5 15.Nb5 Qd8
16.dxe5 Nxe5 17.Bxa7 Nxd3 18.cxd3 Nd7 19.Ng3 Bg6 20.Rfe1 Rc8 21.b4 Bf6 22.Bd4 Ne5
23.Nc3 Nxf3 24.Bxf6 Nxd2 25.Bxd8 Rexd8 26.Na4 Nb3 27.Rab1 Nd4 28.Nc5 Rc7
29.Ne2 Nc2 30.Rec1 Na3 31.Ra1 Nb5 32.Kg1 Re7 33.Kf2 f6 34.Re1 Rde8 35.Nf4 Bf7
36.Rxe7 Rxe7 37.Re1 Rc7 38.Nfe6 Bxe6 39.Rxe6 Rc6 40.Re8+ Kf7 41.Rb8  1-0

[Event "29th Geneva Open"]
[Site "Geneva SUI"]
[Date "2012.12.30"]
[Round "7.10"]
[White "Gautier,Selvan"]
[Black "Terraz,C"]
[Result "0-1"]
[WhiteElo "1981"]
[BlackElo "2098"]

1.e4 d6 2.d4 Nf6 3.Nc3 Nbd7 4.Bc4 e5 5.Nf3 Be7 6.O-O h6 7.h3 c6 8.a4 Qc7
9.Be3 Nf8 10.Qe2 g5 11.dxe5 dxe5 12.Bxg5 hxg5 13.Nxg5 Ne6 14.Nxe6 fxe6 15.Rab1 a5
16.Na2 Bc5 17.Nc1 Qg7 18.Nd3 Ba7 19.Qf3 Nh5 20.Qg4 Qxg4 21.hxg4 Ng3  0-1

[Event "29th Travemuender Schach-Open"]
[Site "Travemuende GER"]
[Date "2012.12.30"]
[Round "7.6"]
[White "Powierski,E"]
[Black "Voloshin,L"]
[Result "0-1"]
[WhiteElo "2153"]
[BlackElo "2426"]

1.e4 d6 2.d4 Nf6 3.Nc3 e5 4.Nf3 Nbd7 5.Bc4 Be7 6.O-O O-O 7.a4 c6 8.Qe2 exd4
9.Nxd4 Re8 10.Qd1 Bf8 11.Re1 a5 12.h3 Nc5 13.Bg5 h6 14.Bxf6 Qxf6 15.Re3 Re7
16.Qd2 Bd7 17.Rd1 Rae8 18.Rf3 Qg6 19.Qf4 Nxe4 20.Nxe4 d5 21.Bxd5 cxd5 22.Ng3 Qg5
23.b3 Re1+ 24.Rxe1 Rxe1+ 25.Kh2 Qxf4 26.Rxf4 Bd6 27.Rf3 h5 28.Nf5 Bxf5 29.Rxf5 h4
30.Rxd5 hxg3+ 31.fxg3 Be5 32.Rxa5 Re3 33.Kg1 Bxg3 34.Rf5 Re1+ 35.Rf1 Bh2+
36.Kf2 Bg3+ 37.Kg1 Re2 38.Rf3 Be5 39.c4 Rb2 40.Rd3 f6 41.Rf3 Kf7 42.Kf1 Ke6
43.g4 g6 44.Kg1 Bd4+ 45.Kf1 Ke5 46.h4 Ke4 47.Rh3 f5 48.gxf5 gxf5 49.h5 f4  0-1

[Event "21st Donau Open 2012"]
[Site "Aschach AUT"]
[Date "2012.12.31"]
[Round "7"]
[White "Rogulj,B"]
[Black "Biti,O"]
[Result "1/2-1/2"]
[WhiteElo "2422"]
[BlackElo "2363"]

1.e4 d6 2.d4 Nf6 3.Nc3 e5 4.Nf3 Nbd7 5.Bc4 Be7 6.O-O O-O 7.Re1 c6 8.a4 a5
9.h3 Nb6 10.Bd3 Nfd7 11.Bf1 exd4 12.Nxd4 Nc5 13.Qf3 Re8 14.Be3 Bg5 15.b3 Bxe3
16.Rxe3 Qg5 17.Rae1 Bd7 18.Qd1 Rad8 19.Nf3 Qe7 20.Qd2 Be6 21.Nd4 Qg5 22.Nb1 Ra8
23.c4 Red8 24.Qc3 Nbd7 25.Rg3 Qh6 26.f4 Nf6 27.Qf3 Bc8 28.Nc3 Re8 29.Rg5 g6
30.e5 dxe5 31.Rgxe5 Rxe5 32.Rxe5 Ne6 33.Nce2 Nxd4 34.Nxd4 Bd7 35.g4 Qf8 36.g5 Nh5
37.Qe3 Ng7 38.c5 Re8 39.Bc4 Qxc5 40.Rxc5 Rxe3 41.Rxa5 Bxh3 42.Ra7 Bc8 43.a5 Ne8
44.Ra8 Nd6 45.a6 bxa6 46.Nxc6 Kg7 47.Ne5 Re4 48.Bxa6 Be6 49.Rd8 Rxf4 50.Rxd6 Bxb3
51.Bd3 h6 52.Nxg6 Rg4+ 53.Kf2 hxg5 54.Ne5 Rf4+ 55.Ke3 Be6 56.Nf3 Rf6 57.Rd4 Rf4
58.Be4 Kf6 59.Rd6 Rg4 60.Rb6 Rg3 61.Kf2 Rg4 62.Bd3 Ke7 63.Be2 Rf4 64.Ke3 Kf6
65.Nd4 Rh4 66.Bc4 Rh3+ 67.Kd2 Rh2+ 68.Kc3 Rh3+ 69.Kb4 Re3 70.Nxe6 fxe6 71.Kc5 Re4
72.Bd3 Rf4 73.Rb8 Ke7 74.Rg8 Kf6 75.Rg6+ Ke7 76.Rxg5 Kf6 77.Rg6+ Kf7 78.Rh6 Ke7
79.Rh3 Rf8 80.Kd4 Rd8+ 81.Ke4 Rd5 82.Bc4 Rd1 83.Rh2 Re1+ 84.Be2 Kd6 85.Kd4 Rg1
86.Rh6 Rc1 87.Bc4 Re1 88.Rg6 Rd1+ 89.Ke4 Re1+ 90.Kf4 Ke7 91.Rh6 Kf7 92.Bd3 Ke7
93.Rh8 Kd7 94.Kg5 Ke7 95.Rh7+ Kd6 96.Ra7 Re3 97.Ra6+ Ke7 98.Bf1 Re1 99.Bh3 Re3
100.Bg4 Re1 101.Kg6 Re4 102.Ra7+ Kd6 103.Kg5 Re1 104.Kf4 Kc6 105.Bf3+ Kd6
106.Bg2 Re2 107.Be4 Rf2+ 108.Bf3 Rf1 109.Ra3 Re1 110.Rd3+ Ke7 111.Kg5 Re5+
112.Kg6 Re1 113.Bg4 Re4 114.Bh3 Re1 115.Bg2 Re2 116.Bf1 Re5 117.Ra3 Re1 118.Rf3 Re5
119.Bh3 Re1 120.Rf7+ Kd6 121.Kf6 Re3 122.Bg4 Re4 123.Rg7 Rf4+ 124.Kg5 Re4
125.Rh7 Re1 126.Bf3  1/2-1/2

[Event "16th Bad Zwesten Open"]
[Site "Bad Zwesten GER"]
[Date "2013.01.02"]
[Round "1.11"]
[White "Soeder,Maximilian"]
[Black "Schnelting,Michael"]
[Result "0-1"]
[WhiteElo "1670"]
[BlackElo "2071"]

1.e4 d6 2.d4 Nf6 3.Nc3 e5 4.dxe5 dxe5 5.Qxd8+ Kxd8 6.Bg5 Be6 7.O-O-O+ Nd7
8.Nf3 Kc8 9.a3 c6 10.Be2 Kc7 11.Bh4 Ne8 12.Bg3 f6 13.Rd2 Nd6 14.Rhd1 Rd8
15.Ne1 g6 16.f3 Bh6 17.f4 exf4 18.Rxd6 fxg3+ 19.Kb1 gxh2 20.Nf3 h1=Q 21.Rxh1 Kxd6
22.Rxh6 a5 23.Rh1 Ne5 24.Rd1+ Kc7 25.Nd4 Bf7 26.Na4 h5 27.Nc5 Rhe8 28.c3 b6
29.Ncb3 Bxb3 30.Nxb3 Rxd1+ 31.Bxd1 h4 32.Kc2 c5 33.Be2 Rd8 34.Nd2 g5 35.Nf1 g4
36.Ne3 h3  0-1

[Event "XLII Rilton Cup"]
[Site "Stockholm SWE"]
[Date "2013.01.02"]
[Round "6.22"]
[White "Eriksen,M"]
[Black "Bergstrom,R"]
[Result "0-1"]
[WhiteElo "2109"]
[BlackElo "2286"]

1.e4 d6 2.d4 Nf6 3.Nc3 e5 4.Nf3 Nbd7 5.g4 h6 6.Rg1 c6 7.g5 hxg5 8.Bxg5 Qb6
9.Qd2 exd4 10.Nxd4 Ne5 11.O-O-O Bg4 12.Be2 Bxe2 13.Qxe2 Rxh2 14.Bf4 Rh3 15.Nf5 O-O-O
16.Be3 Qa5 17.f4 Ng6 18.Qg2 Rh8 19.Rd4 a6 20.Rgd1 d5 21.exd5 Bc5 22.Rc4 Bxe3+
23.Nxe3 Qc7 24.dxc6 Rxd1+ 25.Ncxd1 b5 26.Rc5 Qd6 27.b4 Nxf4 28.Qxg7 Rh7 29.Qg5 Rh5
30.Qg7 Rh7 31.Nf5 Qxc5 32.bxc5 Rxg7 33.Nxg7 Kc7 34.Nf5 Ne4 35.Nde3 Kxc6 36.c4 b4
37.Nd4+ Kxc5 38.Nb3+ Kc6 39.Nc2 Nd3+ 40.Kd1 Nb2+ 41.Kc1 Nxc4 42.Nxb4+ Kb5
43.Nd5 Ne5 44.Nc7+ Kb6 45.Nd5+ Kc6 46.Nb4+ Kb5 47.Nd5 a5 48.Ne3 a4 49.Nd4+ Kc5
50.Ne2 Kb4 51.Nc2+ Kc4 52.Na3+ Kd3 53.Nf4+ Ke3 54.Nd5+ Kd4 55.Nb6 Nc3 56.Kd2 Nf3+
57.Kc1 Kd3 58.Kb2 Ne5 59.Nc2 Nxa2 60.Kxa2 Kxc2 61.Nxa4 Nd7 62.Nb2 Nb6 63.Ka3 f5  0-1

[Event "Hilton Master Open 2013"]
[Site "Basel SUI"]
[Date "2013.01.03"]
[Round "4.16"]
[White "Giesler,Julius"]
[Black "Maier,C"]
[Result "1-0"]
[WhiteElo "2089"]
[BlackElo "2354"]

1.e4 d6 2.d4 Nf6 3.Nc3 Nbd7 4.Bc4 e5 5.Nf3 Be7 6.O-O O-O 7.dxe5 Nxe5 8.Nxe5 dxe5
9.Qf3 c6 10.Rd1 Qc7 11.h3 b5 12.Bb3 Nd7 13.a3 Nc5 14.Ba2 Be6 15.b4 Bxa2 16.Nxa2 Ne6
17.Be3 a5 18.c4 bxc4 19.Qe2 axb4 20.Nxb4 c3 21.Qc4 Bxb4 22.axb4 Rxa1 23.Rxa1 Rb8
24.Qxc3 h6 25.Ra7 Qd6 26.Ra6 Rxb4 27.Rxc6 Nd4 28.Rc8+ Kh7 29.Kh2 Rb1 30.Qc4 Qf6
31.Qd5 Rd1 32.Qa8 Kg6 33.Rh8 Kh5 34.Qc8 Ne6 35.Qc2 Ra1 36.Qe2+ Kg6 37.Qg4+ Ng5
38.h4 Qe6 39.Qf5+ Qxf5 40.exf5+ Kxf5 41.hxg5 hxg5 42.Rg8 g6 43.Rb8 Ra4 44.Rb6 Re4
45.Rd6 g4 46.Bb6 g5 47.Bd8 Rf4 48.Kg3 Rd4 49.Rf6+ Ke4 50.Be7 Kd5 51.Rxf7 Ke6
52.Rg7 Rd7 53.Kxg4  1-0

[Event "16th New Year Open"]
[Site "Guben GER"]
[Date "2013.01.03"]
[Round "3"]
[White "Rehfeldt,F"]
[Black "Sergeev,Vl"]
[Result "0-1"]
[WhiteElo "2126"]
[BlackElo "2469"]

1.e4 d6 2.d4 Nf6 3.Nc3 Nbd7 4.Nf3 e5 5.Bc4 Be7 6.O-O O-O 7.Re1 c6 8.a4 b6
9.b3 Bb7 10.Bb2 a6 11.Bd3 Re8 12.Ne2 Bf8 13.Ng3 Qc7 14.Qd2 g6 15.Rad1 Rad8
16.Qc1 Bg7 17.Bf1 Bc8 18.h3 exd4 19.Bxd4 Ne5 20.Nxe5 dxe5 21.Be3 h5 22.Bg5 Rxd1
23.Rxd1 Nh7 24.Bh6 Bf6 25.Be3 Nf8 26.b4 Be7 27.c3 h4 28.Ne2 Ne6 29.Qb1 c5
30.Nc1 cxb4 31.cxb4 Bb7 32.Na2 Nd4 33.f3 Rd8 34.Rc1 Qd6 35.Qb2 Rd7 36.Kh1 Qf6
37.Qf2 Bc6 38.Bxa6 Bxa4 39.Bc4 Bc6 40.b5 Bb7 41.Nc3 Rc7 42.Bd5 Ba3 43.Bxb7 Bxc1
44.Nd5 Qd6 45.Nxc7 Qxc7 46.Bc6 Bxe3 47.Qxe3 Qd6 48.Bd5 Qf6 49.Bc4 Kg7 50.Kg1 Qd6
51.Kh1 Qb4 52.Qd3 Qe1+ 53.Kh2 Qc1 54.Qf1 Qxf1 55.Bxf1 Kf6 56.Kg1 Ke7 57.Kf2 Kd6
58.g3 g5 59.gxh4 gxh4 60.Ke3 Kc5 61.f4 f6 62.fxe5 fxe5 63.Bd3 Kb4 64.Kf2 Kc3
65.Ke3 Nc2+ 66.Ke2 Nb4 67.Bb1 Kb2 68.Bd3 Nxd3 69.Kxd3 Kb3  0-1

[Event "XXIV Roquetas Open"]
[Site "Roquetas de Mar ESP"]
[Date "2013.01.03"]
[Round "3.6"]
[White "Sanchez Saez,F"]
[Black "Cuenca Jimenez,J"]
[Result "0-1"]
[WhiteElo "2304"]
[BlackElo "2479"]

1.e4 d6 2.d4 Nf6 3.Nc3 e5 4.Nge2 Be7 5.f3 O-O 6.Be3 exd4 7.Nxd4 d5 8.exd5 Bb4
9.Bc4 Bxc3+ 10.bxc3 Re8 11.Kf2 Nxd5 12.Bxd5 Qxd5 13.Re1 Na6 14.Rb1 Qxa2 15.Bf4 Rxe1
16.Qxe1 Bd7 17.Rxb7 h6 18.Qf1 Bc8 19.Rb5 c5 20.Qd3 Bd7 21.Rb7 cxd4 22.cxd4 Be6
23.Kg3 Rc8 24.Rxa7 Nb4 25.Rxa2 Nxd3 26.Ra3 Nxf4 27.Kxf4 Rxc2 28.Kg3 Rd2 29.Ra4 Kf8
30.h4 h5 31.Rb4 Ke7 32.Ra4 g6 33.Rb4 Kd6 34.Ra4 Kd5 35.Kf4 Rxg2 36.Ra5+ Kxd4
37.Rxh5 Bd5 38.Re5 Rh2  0-1

[Event "XXIV Roquetas Open"]
[Site "Roquetas de Mar ESP"]
[Date "2013.01.03"]
[Round "3.10"]
[White "Diaz Camallonga,C"]
[Black "Camacho Collados,M"]
[Result "1/2-1/2"]
[WhiteElo "2167"]
[BlackElo "2428"]

1.e4 d6 2.d4 Nf6 3.Nc3 e5 4.Nf3 Nbd7 5.Bc4 Be7 6.O-O O-O 7.Re1 c6 8.a4 b6
9.b3 Rb8 10.Bb2 a6 11.Bd3 b5 12.Ne2 Qc7 13.Ng3 g6 14.Qe2 Re8 15.axb5 axb5
16.h3 Bf8 17.dxe5 dxe5 18.Bc1 Nc5 19.Be3 Bb7 20.Red1 Ra8 21.Rxa8 Rxa8 22.Nh2 Ne6
23.Qf3 Bg7 24.c4 b4 25.c5 h5 26.Bc4 Qe7 27.Bxe6 Qxe6 28.Bg5 Ne8 29.Qd3 Ba6
30.Qc2 Bb5 31.Nf3 Nc7 32.Be3 Bf8 33.Ng5 Qe7 34.Qd2 Na6 35.Nf3 Re8 36.Ne1 Qc7
37.Nc2 Nxc5 38.Bxc5 Bxc5 39.Nxh5 Qe7 40.Ng3 Ra8 41.Ne3 Qg5 42.Kh2 Qf6 43.Qc2 Bb6
44.Ng4 Qf4 45.Qb2 Re8 46.Rd6 Bd4 47.Rxd4 exd4 48.Qxd4 Re6 49.Qd8+ Kg7 50.Qd4+ Kh7
51.Qxb4 Be2 52.f3 Bxf3 53.gxf3 Rd6 54.Kg2 Rd3 55.Qe1 Qxf3+ 56.Kh2 Rxb3 57.Qf2 Qxf2+
58.Nxf2 c5 59.Kg2 c4 60.Ne2 Kg7 61.Nd1 Rd3 62.Ndc3 Kf6 63.Nf4 Rd2+ 64.Kf3 Ke5
65.Ke3 Rh2 66.Kf3 Rh1 67.Kg2 Re1 68.Nfe2 Kd6 69.Kf2 Ra1 70.Kf3 Kc5 71.Nd5 Ra3+
72.Ne3 Kb4 73.Kf4 Kb3 74.Nd4+ Ka2 75.Nxc4 Ra4 76.Ne5 Rxd4 77.Nxf7 Kb3 78.Ne5 Rd6
79.Kg5 Re6 80.Nxg6 Rxe4 81.h4 Rxh4  1/2-1/2

[Event "25th Staufer Open"]
[Site "Schwaebisch Gmuend GER"]
[Date "2013.01.03"]
[Round "4.37"]
[White "Romes,Max"]
[Black "Schupp,U"]
[Result "1/2-1/2"]
[WhiteElo "1962"]
[BlackElo "2113"]

1.e4 d6 2.d4 Nf6 3.Nc3 e5 4.Nf3 exd4 5.Nxd4 Be7 6.Bf4 O-O 7.Qd2 a6 8.O-O-O Nc6
9.f3 Nxd4 10.Qxd4 Be6 11.g4 b5 12.Kb1 c5 13.Qe3 b4 14.Nd5 Nxd5 15.exd5 Bd7
16.h4 Re8 17.Qd2 a5 18.Bc4 a4 19.Bg5 Qb6 20.Bxe7 Rxe7 21.Rhe1  1/2-1/2

[Event "Hilton Master Open 2013"]
[Site "Basel SUI"]
[Date "2013.01.04"]
[Round "5.32"]
[White "Balint,Vi"]
[Black "Terraz,C"]
[Result "1-0"]
[WhiteElo "2252"]
[BlackElo "2098"]

1.e4 d6 2.d4 Nf6 3.Nc3 Nbd7 4.Bc4 e5 5.f4 Be7 6.Nf3 exd4 7.Qxd4 Nc5 8.Be3 Be6
9.O-O-O c6 10.e5 dxe5 11.Qxe5 Ncd7 12.Bxe6 Nxe5 13.Rxd8+ Bxd8 14.fxe5 fxe6
15.exf6 gxf6 16.Ne4 Bb6 17.Nxf6+ Kf7 18.Bg5 Kg6 19.Re1 Bd8 20.Rxe6 Kf5 21.Re5+ Kg6
22.Ne4 Rf8 23.Re6+  1-0

[Event "Hilton Master Open 2013"]
[Site "Basel SUI"]
[Date "2013.01.04"]
[Round "6.16"]
[White "Vulevic,V"]
[Black "Schmidt Schaeffer,S"]
[Result "0-1"]
[WhiteElo "2299"]
[BlackElo "2356"]

1.e4 d6 2.d4 Nf6 3.Nc3 Nbd7 4.Nf3 e5 5.dxe5 dxe5 6.Bc4 Bb4 7.O-O c6 8.a3 Bxc3
9.bxc3 O-O 10.Qe2 b5 11.Bb3 Qc7 12.Bg5 h6 13.Bh4 a5 14.c4 Ba6 15.Rfd1 b4
16.axb4 axb4 17.h3 c5 18.Nh2 Bb7 19.Rxa8 Rxa8 20.f3 Nh5 21.Ng4 Bc6 22.Ne3 Nf4
23.Qd2 g6 24.Kh2 Kg7 25.Nd5 Bxd5 26.exd5 Qd6 27.Bf2 g5 28.g3 Ng6 29.c3 Ra3
30.Rb1 bxc3 31.Qxc3 Ne7 32.Be3 Nf5 33.Bc1 Ra7 34.Rb2 Nd4 35.Bd1 Qa6 36.Kg2 Qa1
37.Qd2 Nf6 38.h4 Nh7 39.hxg5 hxg5 40.f4 gxf4 41.gxf4 Ra6 42.fxe5 Rg6+ 43.Kf1 Ng5
44.Qe3 Nf5 45.Qc3 Ne4 46.Qc2 Qa5 47.Bd2 Qd8 48.Bf3 Qh4 49.Bc1 Neg3+ 50.Ke1 Nd4
51.Qd3 Ne4+ 52.Kf1 Qh3+  0-1

[Event "Hilton Master Open 2013"]
[Site "Basel SUI"]
[Date "2013.01.04"]
[Round "6.7"]
[White "Dann,M"]
[Black "Pelletier,Y"]
[Result "0-1"]
[WhiteElo "2432"]
[BlackElo "2604"]

1.e4 d6 2.d4 Nf6 3.Nc3 e5 4.Nf3 Nbd7 5.g4 Nxg4 6.Rg1 Ngf6 7.Bc4 h6 8.Be3 c6
9.dxe5 dxe5 10.Qd3 Qa5 11.O-O-O b5 12.Bb3 Ba6 13.Ne2 c5 14.c4 b4 15.Ng3 g6
16.h4 O-O-O 17.h5 Bb7 18.hxg6 fxg6 19.Qc2 Qc7 20.Nh4 Rg8 21.Ng2 Nb8 22.Rxd8+ Qxd8
23.Ba4 Qc7 24.Bd2 Nc6 25.Bxc6 Qxc6 26.f3 Qe6 27.Ne3 Nd7 28.Nd5 Nb8 29.Rh1 h5
30.Bg5 Nc6 31.b3 Nd4 32.Qg2 Bd6 33.Ne2 Bxd5 34.cxd5 Qe8 35.Nxd4 cxd4 36.Qe2 Kb7
37.Kb1 Rg7 38.Rc1 Rc7 39.Rxc7+ Bxc7 40.Qc4 Bd6 41.Bf6 Qc8 42.Qb5+ Ka8 43.f4 exf4
44.e5 Bxe5 45.d6 Bxf6 46.Qd5+ Kb8 47.Qb5+ Qb7 48.Qe8+ Bd8 49.Qxd8+ Qc8  0-1

[Event "XLII Rilton Cup"]
[Site "Stockholm SWE"]
[Date "2013.01.04"]
[Round "8.23"]
[White "Mikalsen,E"]
[Black "Bergstrom,R"]
[Result "1/2-1/2"]
[WhiteElo "2074"]
[BlackElo "2286"]

1.e4 d6 2.d4 Nf6 3.Nc3 e5 4.Nf3 Nbd7 5.Bc4 Be7 6.O-O O-O 7.Re1 c6 8.a4 Qa5
9.Bd2 Qc7 10.h3 h6 11.Bd3 Re8 12.Ne2 exd4 13.Nfxd4 Bf8 14.Ng3 Nc5 15.Qf3 Nxd3
16.cxd3 Nd7 17.Ngf5 Kh7 18.Qg3 Ne5 19.f4 Nd7 20.Bc3 g6 21.Ne3 Bg7 22.Kh1 Nf6
23.Qh4 d5 24.e5 Ng8 25.b4 b6 26.Rec1 Bb7 27.a5 Rad8 28.Nb3 Bc8 29.d4 f6 30.Ng4 g5
31.fxg5 fxg5 32.Qh5 Bf5 33.Ne3 Bg6 34.Qg4 Rf8 35.Bd2 Rf4 36.Qg3 Ne7 37.Ng4 Nf5
38.Qc3 Re4 39.Qxc6 Qxc6 40.Rxc6 Nxd4 41.Nxd4 Rxd4 42.Be3 Rxb4 43.axb6 d4
44.Bxd4 Rbxd4 45.Rxa7 R4d7 46.Rxd7 Rxd7 47.Rc7 Rxc7 48.bxc7 Bf5 49.Ne3 Be6
50.Nc4 Kg6 51.Nd6 Bxe5 52.c8=Q Bxc8 53.Nxc8  1/2-1/2

[Event "16th Bad Zwesten Open"]
[Site "Bad Zwesten GER"]
[Date "2013.01.05"]
[Round "5.4"]
[White "Paehtz,T sr"]
[Black "Schnelting,Michael"]
[Result "1-0"]
[WhiteElo "2401"]
[BlackElo "2071"]

1.e4 d6 2.d4 Nf6 3.Nc3 e5 4.Nf3 Nbd7 5.Bc4 Be7 6.a4 O-O 7.O-O c6 8.Re1 b6
9.h3 Rb8 10.Ba2 a6 11.dxe5 dxe5 12.Nh4 Nc5 13.Nf5 Be6 14.Qf3 Bxa2 15.Nxa2 Ne6
16.Qg3 Nd7 17.Bh6 Bf6 18.Nb4 Qc8 19.Rad1 Qb7 20.Rd6 Ndc5 21.Nxc6 Rbc8 22.Nce7+ Bxe7
23.Bxg7 Bg5 24.Bf6 h6 25.Ne7+ Kh7 26.Qf3 Bxf6 27.Qxf6 Nd7 28.Qf5+ Kg7 29.Rxe6  1-0